000 00981cam4a220028900 4500
001 mtr01997841
005 20190822110051.0
008 860730s1987 nyua b 001 0 eng
010 _a 86018968
020 _a0471011169
035 _a(Sirsi) r93496
035 _a(UPRA)mtr01997841
040 _dUPRA
050 0 _aTK7872.F73
_bM37 1987
082 0 _a621.3815/363
_219
100 1 _aManassewitsch, Vadim, 1927-
_dManassewitsch, Vadim, 1927-
_6A52221.1
245 1 0 _aFrequency synthesizers :
_btheory and design /
_cVadim Manassewitsch.
250 _a3rd ed.
260 _aNew York :
_bWiley,
_cc1987.
500 _a"A Wiley-Interscience publication."
504 _aIncludes bibliographies and index.
650 0 _aFrequency synthesizers.
_6S40850.1
949 _aTK7872.F73
_wlcc
_i-131445
_mMAIN
_tBOOK
_lON-SHELF
949 _aTK7872.F73
_wlcc
_i-131446
_mMAIN
_tBOOK
_lON-SHELF
949 _aTK7872.F73
_wlcc
_i33729001892509
_mMAIN
_p2500
_tBOOK
_lON-SHELF
004 93496
999 _c131756
_d131756